| 000 | 01063cam a2200301 4500 | ||
|---|---|---|---|
| 008 | 090401t1996 xxu||||| |||| 00| 0 eng d | ||
| 020 | _a0854067892 | ||
| 035 | _a(Sirsi) u66510 | ||
| 041 | _aeng | ||
| 050 |
_a346.410438 _c18 |
||
| 090 | _aRICS 1996/94ABCD | ||
| 110 |
_aRoyal Institution of Chartered Surveyors _94900 |
||
| 245 | _aStreamlining commercial property transactions | ||
| 260 |
_aLondon _bRICS _c1996 |
||
| 300 |
_a5p. _c30cm. |
||
| 350 | _a5.50 | ||
| 490 | _aRICS Information Paper | ||
| 520 | _aSummarises the recommendations of the Investment Property Forum report "Readiness for sale : the code of practice for streamlining commercial property transactions" (JJ3963). | ||
| 520 | _aWithdrawn 1 August 2006 | ||
| 650 | _aCOMMERCIAL PROPERTY TRANSACTIONS | ||
| 650 | _aPROPERTY-COMMERCIAL PROPERTY | ||
| 650 | _aABOUT RICS-RELATED ORGANISATIONS-INVESTMENT PROPERTY FORUM | ||
| 650 | _aREADINESS FOR SALE | ||
| 651 |
_aEngland and Wales _y1543- |
||
| 690 | _aPROPERTY-COMMERCIAL PROPERTY | ||
| 942 | _n0 | ||
| 948 | _c04/03/1997 | ||
| 999 |
_c94885 _d94885 |
||